| 000 | 00000nam 2200000zi 4500 |
| 001 | 9.805118 |
| 003 | CaOODSP |
| 005 | 20250318083513 |
| 006 | m o d f |
| 007 | cr cn||||||||| |
| 008 | 151028t20172017oncabdo ob f000 0 fre d |
| 020 | |a9780660036779|z0660036762 |
| 040 | |aCaOODSP|bfre|erda|cCaOODSP |
| 043 | |an-cn--- |
| 086 | 1 |aNR24-28/1-2015F-PDF|zNR24-28/1-2015F |
| 245 | 00|aCommentaires sur le calcul des structures (guide de l'utilisateur – CNB 2015 : |bpartie 4 de la division B) / |cpublié par la Commission canadienne des codes du bâtiment et de prévention des incendies, Conseil national de recherches du Canada. |
| 250 | |aQuatrième édition. |
| 264 | 1|aOttawa : |bConseil national de recherches du Canada, |c2017. |
| 264 | 4|c©2017 |
| 300 | |a1 ressource en ligne (1 volume (pagination multiple)) : |billustrations, cartes, graphiques, photographies |
| 336 | |atexte|btxt|2rdacontent/fre |
| 337 | |ainformatique|bc|2rdamedia/fre |
| 338 | |aressource en ligne|bcr|2rdacarrier/fre |
| 500 | |aTitre de la couverture. |
| 500 | |aPublié aussi en anglais sous le titre : Structural commentaries (user’s guide – NBC 2015 : part 4 of division B). |
| 500 | |aÉdition numérisée de l’imprimé [par Conseil national de recherches Canada]. |
| 500 | |a« Première édition 1996, deuxième édition 2006, troisième édition 2011. » |
| 504 | |aComprend des références bibliographiques. |
| 520 | |a« Les présents commentaires ont pour but de mettre à la disposition des concepteurs des données de calcul détaillées pour leur faciliter l'utilisation de la partie 4 de la division B du Code national du bâtiment – Canada 2015 (CNB). Ils sont proposés comme données de base et, dans certains cas, comme méthode facultative de calcul, mais ne constituent nullement des exigences obligatoires. Les renseignements fournis dans les présents commentaires n’englobent pas toutes les conditions ou tous les types d'ouvrages. Pour les types d'ouvrages inhabituels, il peut s'avérer nécessaire d'avoir recours à des renseignements spéciaux, tels que des études théoriques, des essais sur modèle ou des expériences en soufflerie, en vue d'obtenir des valeurs de calcul appropriées. Il convient de souligner que de nouveaux renseignements pourront être disponibles à l’avenir. Les concepteurs doivent donc s’efforcer d’obtenir, en matière de calcul, les renseignements qui sont les plus récentset les plus pertinents. Les commentaires ont été mis à jour par le Comité permanent du calcul des structures et le Comité permanent du calcul parasismique de 2010–2015 et 2015–2020 de la Commission canadienne des codes du bâtiment et de prévention des incendies afin de tenir compte des modifications techniques apportées à la partie 4 du CNB de 2015 » -- Introduction, page v. |
| 530 | |aÉgalement publié en version imprimée. |
| 650 | 6|aConstruction|xDroit|zCanada|vCodes. |
| 650 | 6|aConstructions|xNormes|zCanada. |
| 650 | 6|aConstructions|xCalcul|vGuides, manuels, etc. |
| 655 | 7|aGuides et manuels|2rvmgf |
| 710 | 2 |aCommission canadienne des codes du bâtiment et de prévention des incendies, |eorganisme de publication. |
| 775 | 08|tStructural commentaries (user’s guide – NBC 2015 : |w(CaOODSP)9.805116 |
| 776 | 0#|tGuide de l'utilisateur - CNB 2015 |w(CaOODSP)9.805117 |
| 794 | |tCommentaires sur le calcul des structures (guide de l'utilisateur - CNB 2020 : |bCinquième édition 2025, Première impression.|w(CaOODSP)9.938509 |
| 856 | 40|qPDF|s9.71 Mo|uhttps://publications.gc.ca/collections/collection_2025/cnrc-nrc/NR24-28-1-2015-fra.pdf |
| 986 | |aCNRC 56194F |